| 000 | 01193nam a2200253 a 4500 | ||
|---|---|---|---|
| 001 | 47381 | ||
| 003 | BD-RjUL | ||
| 005 | 20211209054314.0 | ||
| 008 | 160808s1988 bg 000 0 ben c | ||
| 035 | _a(BD-RjUL)47500 | ||
| 040 |
_aBD-RjUL _cBD-RjUL _dBD-RjUL _bben |
||
| 041 | _aeng | ||
| 082 | 0 | 4 |
_a537 _bIST 1988 _223 |
| 100 |
_aইসলাম, এ. কে. এম আজহারুল _9116971 |
||
| 245 | 1 | 0 |
_aতড়িৎ চুম্বকতত্ত্ব ও আধুনিক পদার্থবিজ্ঞান / _cএ. কে. এম আজহারুল ইসলাম, মুহাম্মদ নজরুল ইসলাম, মুহাম্মদ শফিকুল ইসলাম |
| 250 | _a২য় সং. | ||
| 260 |
_aরাজশাহী : _bবাংলা একাডেমী, _c১৯৮৮ |
||
| 300 |
_a[আট], ৪৩১ পৃ. : _bচিত্র ; _c২১ সেমি. |
||
| 650 |
_aElectricity. _9117029 |
||
| 650 |
_aবিদ্যুৎ _9167799 |
||
| 700 |
_aইসলাম, মুহাম্মদ নজরুল _9117030 |
||
| 700 |
_aইসলাম, মুহাম্মদ শফিকুল _9117031 |
||
| 942 |
_2ddc _cBK |
||
| 999 |
_c47381 _d47381 |
||